Szczegóły MARC21

Koncepcja work-life-balance we współczesnej organizacji : jak wesprzeć pracownika w godzeniu ról i zapewnić sprawne funkcjonowanie organizacji /

003 -Nazwa inst., której nr kontr. jest w polu 001 [,]
    • @
    • Nazwa instytucji, której n kontrolny jest w polu 001
    • NUKAT
005 -DATA I CZAS OSTATNIEJ MODYFIKACJI [,]
    • @
    • pole kontrolne
    • 20241231113122.0
020 -Międzynarod. znormalizowany nr książki - ISBN [ , ]
    • a
    • Numer ISBN
    • 9788382703276 Find
    • q
    • Dopowiedzenie
    • oprawa miękka
040 -Instytucja sporządzająca opis [ , ]
    • a
    • Instytucja, która sporządziła opis (NP)
    • WA 510/JS
    • b
    • Język katalogowania
    • pol
    • e
    • Zasady katalogowania
    • rda
    • c
    • Instytucja, która sporządziła rekord (NP)
    • WA 510/JS
    • d
    • Instytucja, która zmodyfikowała rekord (P)
    • WA 510/EZ
    • d
    • Instytucja, która zmodyfikowała rekord (P)
    • KAT U/24AGs
    • d
    • Instytucja, która zmodyfikowała rekord (P)
    • KR 7/AKs
942 -Rodzaj dokumentu [ , ]
    • c
    • Rodzaj dokumentu
    • Książka
100 -Hasło główne - nazwa osobowa [1, ]
    • a
    • Nazwa osobowa (NP)
    • Leoński, Wojciech.
    • e
    • Rodzaj współpracy
    • Autor
    • 9
    • KHW
    • 513571
245 -Strefa tytułu i oznaczenia odpowiedzialności [1,0]
    • a
    • Tytuł
    • Koncepcja work-life-balance we współczesnej organizacji : Find
    • b
    • Ciąg dalszy tytułu (NP)
    • jak wesprzeć pracownika w godzeniu ról i zapewnić sprawne funkcjonowanie organizacji / Find
    • c
    • Pozostałe elementy strefy tytułu i oznaczenia odpowiedzialności (NP)
    • Wojciech Leoński, Anna Wieczorek-Szymańska.
246 -Wariant tytułu [3,0]
    • a
    • Tytuł (NP)
    • Jak wesprzeć pracownika w godzeniu ról i zapewnić sprawne funkcjonowanie organizacji
250 -Strefa wydania [ , ]
    • a
    • Oznaczenie wydania (NP)
    • Wydanie pierwsze.
260 -Strefa adresu wydawniczego [ , ]
    • a
    • Miejsce wydania (P)
    • Warszawa :
    • b
    • Nazwa wydawcy (P)
    • Difin,
    • c
    • Data wydania (P)
    • 2024.
300 -Strefa opisu fizycznego [ , ]
    • a
    • Określenie formy książki i/lub objętość (NP)
    • 122, [2] strony ;
    • c
    • Format (NP)
    • 24 cm.
336 -Typ zawartości [ , ]
    • a
    • Termin opisujący typ zawartości
    • Tekst
    • b
    • Kod określający zawartość
    • txt
    • 2
    • Źródło (terminu i kodu)
    • rdacontent
337 -Typ mediów [ , ]
    • a
    • Tryb odtwarzania
    • Bez urządzenia pośredniczącego
    • b
    • Kod typu mediów
    • n
    • 2
    • Źródło (terminu i kodu)
    • rdamedia
338 -Typ/rodzaj nośnika [ , ]
    • a
    • Hasło opisujące typ nośnika
    • Wolumin
    • b
    • Kod typu nośnika
    • nc
    • 2
    • Źródło (terminu i kodu)
    • rdacarrier
380 -Deskryptor - Forma dzieła (P) [ , ]
    • a
    • forma dzieła (NP)
    • Książki
380 -Deskryptor - Forma dzieła (P) [ , ]
    • a
    • forma dzieła (NP)
    • Publikacje naukowe
380 -Deskryptor - Forma dzieła (P) [ , ]
    • a
    • forma dzieła (NP)
    • Publikacje fachowe
388 -Deskryptor - czas powstania dzieła (P) [1, ]
    • a
    • Czas powstania dzieła (NP)
    • 2001-
504 -Uwaga dot. bibliogr. załącznikowej [ , ]
    • a
    • Uwaga dot. bibliografii załącznikowej
    • Bibliografia na stronach 111-122.
521 -Uwaga dot. przeznaczenia czytelniczego [8, ]
    • a
    • Uwaga dot. przeznaczenia czytelniczego
    • Adresowana do akademickiego środowiska badawczego, jak i szerokiej publiczności zainteresowanej doświadczeniem swojego życia osobistego i zawodowego.
536 -Uwaga dot. finansowania książki [ , ]
    • a
    • Tekst uwagi
    • Dofinansowano ze środków Ministra Nauki w ramach Programu "Regionalna inicjatywa doskonałości"
650 -Hasło przedmiotowe [ ,7]
    • a
    • Hasło przedmiotowe
    • Elastyczny czas pracy
    • 2
    • Źródło terminu
    • DBN
    • 9
    • KHW
    • 148750
650 -Hasło przedmiotowe [ ,7]
    • a
    • Hasło przedmiotowe
    • Prawo pracy
    • 2
    • Źródło terminu
    • DBN
    • 9
    • KHW
    • 722927
650 -Hasło przedmiotowe [ ,7]
    • a
    • Hasło przedmiotowe
    • Przywództwo
    • 2
    • Źródło terminu
    • DBN
    • 9
    • KHW
    • 722346
650 -Hasło przedmiotowe [ ,7]
    • a
    • Hasło przedmiotowe
    • Społeczna odpowiedzialność biznesu (CSR)
    • 2
    • Źródło terminu
    • DBN
    • 9
    • KHW
    • 722352
650 -Hasło przedmiotowe [ ,7]
    • a
    • Hasło przedmiotowe
    • Work-life balance (WLB)
    • 2
    • Źródło terminu
    • DBN
650 -Hasło przedmiotowe [ ,7]
    • a
    • Hasło przedmiotowe
    • Zaangażowanie pracowników
    • 2
    • Źródło terminu
    • DBN
650 -Hasło przedmiotowe [ ,7]
    • a
    • Hasło przedmiotowe
    • Zarządzanie zasobami ludzkimi (HRM)
    • 2
    • Źródło terminu
    • DBN
    • 9
    • KHW
    • 722353
650 -Hasło przedmiotowe [ ,7]
    • a
    • Hasło przedmiotowe
    • Europejska Klasyfikacja Działalności
    • 2
    • Źródło terminu
    • DBN
650 -Hasło przedmiotowe [ ,7]
    • a
    • Hasło przedmiotowe
    • Praca i życie osobiste
    • z
    • Określnik geograficzny
    • Polska
    • y
    • Określnik chronologiczny
    • 1990-.
    • 2
    • Źródło terminu
    • kaba
    • 9
    • KHW
    • 710436
650 -Hasło przedmiotowe [ ,7]
    • a
    • Hasło przedmiotowe
    • Społeczna odpowiedzialność biznesu
    • z
    • Określnik geograficzny
    • Polska
    • y
    • Określnik chronologiczny
    • 1990-.
    • 2
    • Źródło terminu
    • kaba
    • 9
    • KHW
    • 370534
650 -Hasło przedmiotowe [ ,7]
    • a
    • Hasło przedmiotowe
    • Zarządzanie przedsiębiorstwem
    • z
    • Określnik geograficzny
    • Polska
    • y
    • Określnik chronologiczny
    • 1990-.
    • 2
    • Źródło terminu
    • kaba
    • 9
    • KHW
    • 356617
650 -Hasło przedmiotowe [ ,7]
    • a
    • Hasło przedmiotowe
    • Personel
    • x
    • Określnik rzeczowy
    • kierowanie
    • z
    • Określnik geograficzny
    • Polska
    • y
    • Określnik chronologiczny
    • 1990-.
    • 2
    • Źródło terminu
    • kaba
    • 9
    • KHW
    • 361651
651 -Hasło przedmiotowe w formie nazwy geograficznej [ ,7]
    • a
    • Nazwa geograficzna
    • Polska
    • 2
    • Źródło terminu
    • DBN
    • 9
    • KHW
    • 721438
655 -Hasło w funkcji tematu formalnego [ ,7]
    • a
    • Hasło
    • Monografia
    • 2
    • Źródło terminu
    • DBN
    • 9
    • KHW
    • 721273
658 -Ujęcie treści [ , ]
    • a
    • dziedzina nauki i sztuki/ sfera aktywności życiowej
    • Zarządzanie i marketing
700 -Hasło dodatkowe - nazwa osobowa [1, ]
    • a
    • Nazwa osobowa (NP)
    • Wieczorek-Szymańska, Anna. Find
    • e
    • Określenie rodzaju współpracy
    • Autor
    • 9
    • KHW
    • 428906
710 -Hasło dodatkowe - nazwa ciała zbiorowego [2, ]
    • a
    • Nazwa ciała zbiorowego lub nazwa geograficzna jako pierwszy element (NP)
    • Difin.
    • e
    • Rodzaj współpracy
    • Wydawca
    • 4
    • Kod relacji
    • pbl
    • 9
    • KHW
    • 52248
920 -ISBN [ , ]
    • a
    • ISBN
    • 978-83-8270-327-6 Find
    • q
    • Dopowiedzenie
    • oprawa miękka :
Lokalizacja Data inwentaryzacji Sygnatura Numer inwentarzowy Status udost.
BE2024-11-21 E.81458-2
BE2024-11-21 S.98780-2
T2024-11-04T.21708T.21708-2
T2024-11-04TM.16300TM.16300-3
T2024-11-22TM.16357TM.16357-3
T2024-11-22TM.16358TM.16358-3